Le nouveau taxi. t.I, méthode de français /
Đã lưu trong:
| Príomhúdar: | |
|---|---|
| Údair Eile: | |
| Formáid: | Sách giấy |
| Teanga: | French |
| Foilsithe: |
Paris Cedex :
Hachette Livre,
2009.
|
| Ábhair: | |
| Clibeanna: |
Cuir Clib Leis
Gan Chlibeanna, Bí ar an gcéad duine leis an taifead seo a chlibeáil!
|
| Thư viện lưu trữ: | Thư viện Trường Đại học Đà Lạt |
|---|
| LEADER | 00834nam a2200337 4500 | ||
|---|---|---|---|
| 001 | DLU210195727 | ||
| 005 | ##20210127 | ||
| 020 | # | # | |a 9782011555489 |
| 040 | # | # | |a DLU |b eng |
| 041 | # | # | |a fre |
| 044 | # | # | |a fr |
| 082 | # | # | |a 448 |b CA-G |
| 100 | # | # | |a Capelle, Guy. |
| 245 | # | # | |a Le nouveau taxi. |n t.I, |p méthode de français / |c Guy Capelle, Robert Menand. |
| 260 | # | # | |a Paris Cedex : |b Hachette Livre, |c 2009. |
| 300 | # | # | |a 144 p. : |b col. ill. ; |c 229 cm. |
| 650 | # | # | |a French language |x Study and teaching. |
| 650 | # | # | |a French language. |
| 700 | # | # | |a Menand, Robert. |
| 923 | # | # | |a 03/2020 |
| 990 | # | # | |a t.I |
| 991 | # | # | |a SH |
| 992 | # | # | |a 793222 |
| 994 | # | # | |a DLU |
| 900 | # | # | |a True |
| 911 | # | # | |a Nguyễn Thanh Hương |
| 925 | # | # | |a G |
| 926 | # | # | |a A |
| 927 | # | # | |a SH |
| 980 | # | # | |a Thư viện Trường Đại học Đà Lạt |


